| 000 | 01095nam a2200337Ia 4500 | ||
|---|---|---|---|
| 003 | OSt | ||
| 005 | 20220912144543.0 | ||
| 006 | a|||||r|||| 00| 0 | ||
| 007 | ta | ||
| 008 | 220909b |||||||| |||| 00| 0 eng d | ||
| 020 | _a9789380607917 (hbk) | ||
| 020 | _aSL01562622 | ||
| 024 | _a193065 | ||
| 037 | _b1227, 03/02/2015, Select Book Service Syndicate | ||
| 037 | _cTextual | ||
| 040 |
_aCSL _beng _cCSL |
||
| 041 | _aeng | ||
| 082 | _aY72.275, Q4 | ||
| 100 | _aChattopadhyay Pradip | ||
| 245 | 0 | _aRedefining tribal identity: the changing identity of the santhals in south-west bengal | |
| 260 |
_aNew Delhi _b Primus _c2014 |
||
| 300 | _ax, 252p. ill. | ||
| 500 | _aConclusion 221-228p.; Bibliography 229-234p.; Index 235-252p. | ||
| 650 | _a Disturbance in jungle mahals | ||
| 650 | _a History of the santhals | ||
| 650 | _a Research methodology | ||
| 650 | _aEthnic identity | ||
| 700 | _aChattopadhyay Pradip | ||
| 942 |
_hY72.275, Q4 _cTEXL _2CC |
||
| 999 |
_c11819 _d11819 |
||